000 00517cam a2200205ua 4500
001 10447
005 20260515114625.0
008 190222n xxk |||gr||||Z||||||eng
020 _a9780330505543
040 _cMAIN
041 _aeng
082 _a954.04
100 _aRamachandra Guha,
_eAuthor.
245 _aIndia after Gandhi
_bthe history of the world`s largest democracy
260 _aLondon:
_bPicador,
_c2008.
300 _a898p.
653 _aSouth Asia India
653 _aHistory of India
942 _cBK
999 _c9424
_d9424